Loading...
| Social Science | 0 | 4 | 0 | 1 | 40 | 48 | 87.25 | 1 | 1 |
| History - American History | 0 | 4 | 1 | 2 | 35 | 53 | 93.75 | 1 | 2 |
| History - European History | 0 | 3 | 1 | 1 | 25 | 58 | 93.00 | 0 | 1 |
| Literature - British Literature | 0 | 1 | 0 | 0 | 10 | 97 | 97.00 | 0 | 0 |
| Geography/Current Events | 0 | 1 | 0 | 0 | 10 | 71 | 71.00 | 0 | 0 |
| History - Other History | 0 | 1 | 0 | 0 | 10 | 69 | 69.00 | 0 | 0 |
| Mythology | 0 | 1 | 0 | 1 | 10 | 144 | 144.00 | 0 | 0 |
| Pop Culture | 0 | 1 | 0 | 0 | 10 | 61 | 61.00 | 0 | 1 |
| Fine Arts - Other Fine Arts | 0 | 1 | 1 | 1 | 5 | 114 | 114.00 | 0 | 0 |
| Religion | 0 | 1 | 1 | 1 | 5 | 129 | 129.00 | 0 | 0 |
| Fine Arts - Visual Fine Arts | 0 | 0 | 0 | 0 | 0 | 0.00 | 0 | 0 | |
| History - World History | 0 | 1 | 2 | 0 | 0 | 45 | 45.00 | 1 | 1 |
| Science - Chemistry | 0 | 0 | 1 | 0 | -5 | 0.00 | 0 | 0 | |
| Literature - American Literature | 0 | 0 | 1 | 0 | -5 | 0.00 | 0 | 0 | |
| Philosophy | 0 | 0 | 1 | 0 | -5 | 0.00 | 0 | 0 | |
| Literature - European Literature | 0 | 0 | 2 | 0 | -10 | 0.00 | 0 | 0 |